| 000 | 00367nam a2200133Ia 4500 | ||
|---|---|---|---|
| 008 | 220610s9999 xx 000 0 und d | ||
| 082 |
_a891.46 _bYAN |
||
| 100 |
_aYangalwar Vijay _9129447 |
||
| 245 | _aAadi Shakarachary (Marathi) | ||
| 260 |
_aNagpur _bNachiket Prakashan _c2014 |
||
| 300 |
_a74P _bPB |
||
| 500 | _a"Donated by Nachiket Prakashan, Nagpur" | ||
| 906 | _a0 | ||
| 999 |
_c53542 _d53542 |
||